000 00613nam a22001817a 4500
003 OSt
005 20260226033003.0
008 260226b |||||||| |||| 00| 0 eng d
020 _a978-971-510-329-9
040 _aDWC-Admin lib
_cOC
082 _aFil. 200 UY97n 2024
100 _aUy, Vincente L.
245 _a The native clergy in the first half of the nineteenth century /
_cVincente L. Uy
260 _aManila,
_bPhilippines: Logos Publication,
_cc2024.
300 _a 118 pages:
_bilustrations;
_c23 cm.
504 _aIncludes endnotes and bibliographical references
942 _2ddc
_cBK - FIL
_hFil.
_n0
999 _c8548
_d8548